000 00690nam a22001817a 4500
005 20251108172658.0
008 250721s1998 xx 000 0 ara d
082 1 4 _a344.01/خلف
100 1 _aالخلفي، إسماعيل
_eمؤلف
245 1 0 _aالبدلات الوظيفية :
_bيحوي هذا الكتاب شرحا لأحكام البدلات الوظيفية - بدل طبيعة العمل ومخاطر الوظيفة /
264 1 _aالقاهرة :
_bمكتبة دنيا القانون،
_c1998.
300 _a206ص.
650 1 7 _aقانون العمل
650 1 7 _aتشريعات العمل
650 1 7 _aالعمل والعمال
942 _2ddc
_cBK
999 _c85741
_d85741